00614nam a22001577a 450000500170000000800410001704000070005804100100006508200210007510000890009624500900018526000520027530000280032765000130035570000880036820221122144252.0221122b ||||| |||| 00| 0 eng d cAL aHindi 223aH891.4bDUNS aKanhaiyalal Dungarwal कन्हैयालाल डुंगरवाल aSamajwad Marma Aur Karma समाजवाद मर्म और कर्म  aMadhya PradeshbSamajwadi Shikshana Nyas c2009 aX,187 P.bPBc21x14 cm. aSamajwad aDUNGARWAL (Kanhaiyala) डुंगरवाल ( कन्हैयालाल )